Statistics for 100 Inventions That Changed the World

Click here to take the quiz!

General Stats

  • This quiz has been taken 305 times
  • The average score is 21 of 107

Answer Stats

5500 BC - 1 BCAnswer% Correct
TransportationWheel
79%
CommunicationTelephone
73%
NavigationCompass
70%
CommunicationPencil and Pen
66%
Time KeepingClock
65%
AstronomyTelescope
63%
ComputingComputer
60%
CommunicationPaper
54%
EntertainmentTelevision
54%
MilitaryGunpowder
51%
ComputingInternet
50%
CommunicationRadio
50%
1 - 1600 | 1600 -1800 | 1800 - 1850 | +4 others-
49%
TransportationSteam Engine
42%
MedicinePenicillin
40%
TransportationAutomobile
39%
ScienceMicroscope
36%
CommunicationPrinting Press
36%
CommunicationTelegraph
36%
EnergyLightbulb
33%
EnergyNuclear Reactor
33%
ConstructionSteel
31%
SanitationFlush Toilet
28%
MilitaryRifle
26%
ManufacturingPlastic
25%
MathematicsAbacus
24%
OpticsCamera
24%
MedicineX-Ray
24%
MathematicsCalculus
23%
AgricultureCotton Gin
23%
MilitaryAtomic Bomb
21%
MathematicsArabic Numerals
20%
CommunicationAlphabet
18%
Time KeepingGregorian Calendar
18%
ManufacturingMoving Assembly Line
18%
EnergyBattery
16%
ConstructionCement
16%
ComputingGraphical User Interface
16%
CommunicationMorse Code
15%
CommunicationSatellite
15%
TransportationJet Engine
14%
ConstructionNail
14%
ConstructionDynamite
13%
FashionJeans
12%
MilitaryRadar
12%
EnergyWindmill
12%
FashionBrassiere
11%
MusicPhonograph
11%
MilitarySubmarine
11%
ConstructionScrew
10%
TransportationLocomotive
9%
ElectronicsTransistor
9%
MedicineVaccinations
8%
MedicineCT Scan
7%
MusicElectric Guitar
7%
MilitarySonar
7%
FashionZipper
7%
EnergyAlternating Current
6%
MedicineContraceptive Pill
6%
ElectronicsLaser
6%
AgriculturePasteurization
6%
EntertainmentVideo Games
6%
AgricultureFertilizer
5%
TransportationInternal Combustion Engine
5%
Manufacturing3D Printing
4%
MedicineCondom
4%
MilitaryDrone
4%
EnergyLED Lightbulb
4%
AgricultureRefrigeration
4%
MedicineStethoscope
4%
FashionVelcro
4%
MedicineElectrocardiogram
3%
ComputingFiber Optics
3%
MedicineHypodermic Needle
3%
MilitaryKevlar
3%
ConstructionSteel Skyscraper
3%
MaterialTeflon
3%
SanitationWastewater Treatment
3%
MedicineAnesthetic
2%
ConstructionCarbon Nanotubes
2%
AgricultureMechanical Reaper
2%
MilitaryStealth Aircraft
2%
EntertainmentVideotape
2%
EnergyCapacitor
1%
MedicineCloning
1%
BusinessCorporation
1%
MilitaryGuided Missle
1%
EnergyHydraulic Fracturing
1%
MedicineIn Vitro Fertilization
1%
EnergyOil Refining
1%
EntertainmentRemote Control
1%
AstronomySaturn V Rocket
1%
MaterialSilicone
1%
MechanicalBall Bearing
0%
OpticsHolography
0%
ElectronicsMicrocontroller
0%
ElectronicsOptical Sensor
0%
MedicinePacemaker
0%
CommunicationRFID
0%
TransportationShipping Container
0%
EntertainmentVirtual Reality
0%

Score Distribution

Percentile by Number Answered

Percent of People with Each Score

Your Score History

You have not taken this quiz